Regional Clusters as a Tool for Environmental Development

Gespeichert in:
Bibliographische Detailangaben
1. Verfasser: Tokarčík, Alexander
Weitere Verfasser: Adamkovič, Jaroslav
Format: Buchkapitel
Sprache:Englisch
Tags: Tag hinzufügen
Keine Tags, Fügen Sie das erste Tag hinzu!

MARC

LEADER 00000naa$a2200000$$$4500
001 0191320
005 20240502083443.9
041 0 |a eng 
044 |a RS 
245 1 0 |a Regional Clusters as a Tool for Environmental Development  |c Alexander Tokarčík, Jaroslav Adamkovič 
100 1 |a Tokarčík, Alexander 
700 1 |a Adamkovič, Jaroslav